000
00515nam a2200181Ia 4500
008
090123s9999 xx 000 0 und d
082
_b
38131
100
_a
देशपांडे रोझा
245
_a
अव्यक्त
250
_a
0
260
_b
अनघा प्रकाशन
300
_a
64
600
_a
देशपांडे रोझा
630
_a
अव्यक्त
700
_a
देशपांडे रोझा
730
_a
अव्यक्त
942
_c
BOOK
999
_c
76121
_d
76121